00000000nam##2200000za#4500
0019.666927
003CaOODSP
00520200401081006
007ta
008150407|2004||||xxc|||||     f|0| 0 eng|d
040 |aCaOODSP|beng
041 |aeng
041 |afre
043 |an-cn---
0861 |aSW21-127/2004
1101 |aCanada. |bStatus of Women Canada.
24510|aGBA on-line discussion
2463 |aGender-based analysis on-line discussion
260 |aOttawa - Ontario : |bStatus of Women Canada |c[2004].
300 |aEnglish text, 1p. ; |c28 cm.
563 |aLoose-leaf
69007|aGender equality|2gcpds
69007|aPolicy development|2gcpds
7760#|tDiscussion en direct sur l'analyse comparative entre les sexes (ACS) |w(CaOODSP)9.632260
7760#|tGender-based analysis (GBA) on-line discussion |w(CaOODSP)9.687820
792 |tDiscussion en direct sur l'ACS |efre|w(CaOODSP)9.666928